000 00847nam a22002057a 4500
003 OSt
005 20250819144221.0
008 241007b |||||||| |||| 00| 0 eng d
040 _c0
082 _aDPer 613.705 J826 January-December 2020 v. 91 n. 1-9
100 _a Moosbrugger, Michelle E.
_eauthor.
_962462
245 _aYouth in motion applying theory and best practice to enhance PETE/HETE recruitment /
_cMichaelle E. Moosbrugger.
260 _aVirginia ;
_bAmerican Alliance for Health ,
_cFebruary 2020.
300 _aVolume 91, pages 24-32 :
_billustration ;
_c28 cm.
500 _aThe Journal of Physical Education Recreation & Dance, vol. 91, no. 2, pages 24-32, February 2020.
650 0 _aPhysical education.
_950439
650 0 _aYouth movement.
_947513
700 _a Moosbrugger, Michelle E.
_eauthor.
_962462
942 _2ddc
_cPER
999 _c22311
_d22311